000 00303nam a2200097 a 4500
005 20200930070225.0
008 110825s1915 000 spa d
245 0 _aRecopilación ordenada y sistematizada de las diferentes decisiones rendidas por el...
260 _aSanto Domingo,
_c1915.
999 _c32876
_d32876
040 _aDO-SdBNP